Geography Quiz

Random Geography or City Quiz

50 Largest US Cities Minefield Quiz Stats

 Plays Quiz Updated Dec 22, 2017

Also try: Border State Blitz
Challenge
Share
Tweet
Embed
Score 0/51 Timer 15:00
85 Plays Today
Population City % Correct
8,537,673???
87.6%
3,976,322???
80.8%
2,704,958???
72.9%
2,303,482???
64.3%
1,317,929???
63.9%
870,887???
59.2%
673,184???
56.7%
1,567,872???
54.2%
453,579???
53.1%
1,406,630???
51.2%
704,352???
48%
1,615,017???
43.4%
472,522???
43%
672,795???
40.9%
1,492,510???
39.5%
681,170???
39.3%
693,060???
35.7%
947,890???
35%
614,664???
30.2%
1,025,350???
28.5%
639,863???
27.5%
632,912???
27%
413,651???
26.2%
855,164???
25.5%
880,619???
24.3%
495,234???
21.3%
Population City % Correct
860,090???
21.1%
660,388???
21%
854,113???
20.4%
842,051???
20.1%
481,420???
19.8%
652,717???
19.6%
420,005???
18.7%
595,047???
17.8%
638,367???
17.3%
683,080???
16%
391,495???
14%
458,880???
12%
530,706???
11.2%
616,261???
11%
559,277???
10.3%
446,970???
10.3%
522,053???
9.7%
470,130???
8.9%
403,090???
8.1%
452,602???
7.7%
392,772???
6.8%
484,587???
6.7%
MINE???
6.4%
465,101???
6.3%
389,902???
5.6%

You're not logged in!

Compare scores with friends on all Sporcle quizzes.
Join for Free
OR
Log In

You Might Also Like...

Show Comments

Extras

Top Quizzes Today


Score Distribution

Your Account Isn't Verified!

In order to create a playlist on Sporcle, you need to verify the email address you used during registration. Go to your Sporcle Settings to finish the process.

Report this User

Report this user for behavior that violates our Community Guidelines.

Details: